000 00612nam a2200205Ia 4500
005 20260429112208.0
008 260429s9999||||xx |||||||||||||| ||und||
020 _a9789356818880
041 _aEnglish
082 _a500
_bGKP
100 _aGKP
245 0 _aNCERT summary general science and environment Class 6 To 12 :
_bUPSC IAS state PSCS UPSC-EPFO CDS and CAPF AC exam /
_cGKP
250 _a1st ed.
260 _aHaryana :
_bG K Publications (P) Ltd,
_c2025.
300 _apbk
650 _a Competitive examinations
650 _a Environmental studies
650 _aGeneral science
942 _cTB
999 _c52835
_d52835